00881nam a2200229 a 450000100100000000500170001000800410002702000150006804000250008308200160010810000290012424501490015325000110030226000430031330000250035649000130038150400310039459000750042583000200050095201140052099900170063400003519120200930074151.0111025s1988 mx 000 0 spa d a9683800025 aDO-SdBNPbspacBNPHU axxxxbS679g1 aSodi M., Demetrio96092214aLas grandes culturas de Meso-América :bdesde la llegada del hombre al Continente Americano hasta la última de las Culturas Prehispánicas. a8a ed. aMéxico :bPanorama Editorial,c1988. a199 p. :bil., retr.1 aPanorama aBibliografía : p.195-199 aPerteneció a la biblioteca personal de Juan Isidro Jimenes Grullón 0aPanorama920255 001050718MOaGRbGRcCTd2011-10-25iLF1l0oxxxx S679gp35191-10r2020-06-25w2020-06-25y1ZNo se presta c34682d34682